000 00617nam a2200193Ia 4500
003 GCL
008 140319s9999 xx 000 0 ara d
040 _aGCL /
_cGCL
082 0 4 _a210.1
_bا م
100 1 _aابوالاعلى المودودى
245 1 0 _aمناهج الانقلاب الاسلامى: معرب عن الاردية (هدية من الاديب عبدالفتاح الجمل) /
_cابوالاعلى المودودى
300 _a86 ص
490 _aكتاب
_v0
650 0 4 _aالاسلام
650 0 4 _aفلسفة
650 0 4 _aنظريات
650 0 4 _aالديانات
942 _2ddc
_cBK
999 _c40879
_d40879